000 00265nam a2200109Ia 4500
999 _c7896
_d7896
020 _a978-0130914293
100 _aStalling, William
245 0 _aCryptography and Network Security principles and practices
260 _aIndia
_bBPB
_c1999
300 _a680
942 _cBK